| 000 | 00390nam a22001577a 4500 | ||
|---|---|---|---|
| 003 | LK-CoDNM | ||
| 005 | 20240919122917.0 | ||
| 008 | 240814b |||||||| |||| 00| 0 eng d | ||
| 040 |
_aLK-CoDNM _dLK-CoDNM _eLK-CoDNM |
||
| 041 | _aeng | ||
| 080 | _bGP1953 | ||
| 245 | _aThe acts of Ceylon - 1953 | ||
| 260 |
_aColombo _bGovernment printers _c1953 |
||
| 300 | _b326p. ; 24 cm | ||
| 942 | _cBK | ||
| 999 |
_c147648 _d147648 |
||